<?xml version="1.0" encoding="UTF-8"?>
<record
    xmlns:xsi="http://www.w3.org/2001/XMLSchema-instance"
    xsi:schemaLocation="http://www.loc.gov/MARC21/slim http://www.loc.gov/standards/marcxml/schema/MARC21slim.xsd"
    xmlns="http://www.loc.gov/MARC21/slim">

  <leader>03315cam a22004454i 4500</leader>
  <controlfield tag="003">PE-LiUPU</controlfield>
  <controlfield tag="005">20250731165413.0</controlfield>
  <controlfield tag="008">151117s2014    pe a   grm    000 0 spa d</controlfield>
  <datafield tag="035" ind1=" " ind2=" ">
    <subfield code="a">(Sirsi) a155150</subfield>
  </datafield>
  <datafield tag="040" ind1=" " ind2=" ">
    <subfield code="a">PE-LiUPU</subfield>
    <subfield code="b">spa</subfield>
    <subfield code="c">PE-LiUPU</subfield>
    <subfield code="e">rda</subfield>
  </datafield>
  <datafield tag="099" ind1=" " ind2=" ">
    <subfield code="a">TC 2</subfield>
    <subfield code="b">B81 2014</subfield>
  </datafield>
  <datafield tag="100" ind1="1" ind2=" ">
    <subfield code="a">Bra&#xF1;es Bardales, Jorge Luis</subfield>
    <subfield code="e">autor</subfield>
  </datafield>
  <datafield tag="245" ind1="1" ind2=" ">
    <subfield code="a">Estrategias de comunicaci&#xF3;n interna y su influencia en la identidad laboral de los trabajadores de la Municipalidad Distrital de El Agustino /</subfield>
    <subfield code="c">Jorge Luis Bra&#xF1;es Bardales.</subfield>
  </datafield>
  <datafield tag="264" ind1=" " ind2="0">
    <subfield code="c">2014.</subfield>
  </datafield>
  <datafield tag="300" ind1=" " ind2=" ">
    <subfield code="a">99 hojas : </subfield>
    <subfield code="b">ilustraciones;</subfield>
    <subfield code="c">30 cm</subfield>
  </datafield>
  <datafield tag="336" ind1=" " ind2=" ">
    <subfield code="a">text</subfield>
    <subfield code="2">rdacontent</subfield>
  </datafield>
  <datafield tag="337" ind1=" " ind2=" ">
    <subfield code="a">unmediated</subfield>
    <subfield code="2">rdamedia</subfield>
  </datafield>
  <datafield tag="338" ind1=" " ind2=" ">
    <subfield code="a">volume</subfield>
    <subfield code="2">rdacarrier</subfield>
  </datafield>
  <datafield tag="502" ind1=" " ind2=" ">
    <subfield code="a">Tesis</subfield>
    <subfield code="b">(Lic.) -- </subfield>
    <subfield code="c">Universidad Peruana Uni&#xF3;n,</subfield>
    <subfield code="d">2014.</subfield>
  </datafield>
  <datafield tag="504" ind1=" " ind2=" ">
    <subfield code="a">Incluye referencias</subfield>
  </datafield>
  <datafield tag="520" ind1="3" ind2=" ">
    <subfield code="a">La presente tesis resume el estudio de las estrategias de comunicaci&#xF3;n interna y su influencia en la identidad organizacional realizado en la Municipalidad Distrital de el Agustino. En este trabajo se analizaron las respuestas de todos los trabajadores que laboran en el municipio mediante una encuesta llegando a los resultados estad&#xED;sticos. El estudio utilizado en la Municipalidad Distrital de El Agustino fueron 150 trabajadores de la cual 129 obsedieron a la investigaci&#xF3;n del instrumentos (cuestionario, identidad laboral y estrategias de comunicaci&#xF3;n interna), los cuales dieron como resultado que los trabajadores de la municipalidad no se sienten identificado en su centro de trabajo, con un valor de sig =0.013&lt; a=00,5, El an&#xE1;lisis estad&#xED;stico de la Chi&#xB2; de Pearson valid&#xF3; la influencia de las estrategias de comunicaci&#xF3;n interna en la identidad laboral del p&#xFA;blico interno de la Municipalidad "El Agustino", al observarse que el valor calculado cae en la regi&#xF3;n de rechazo, se rechaza la hip&#xF3;tesis nula y se acepta la alternativa, por lo tanto: las estrategias comunicaci&#xF3;n interna influye en la identidad laboral de los p&#xFA;blicos, por lo tanto: las estrategias comunicaci&#xF3;n interna influye en la identidad laboral de los p&#xFA;blicos internos de la Municipalidad de El Agustino. Asimismo llegamos a la conclusi&#xF3;n que las estrategias de comunicaci&#xF3;n interna influyen en la identidad laboral. Las decisiones de estas estrategias, repercuten en el quehacer laboral y en las actitudes de los trabajadores del municipio del Agustino. Podemos decir que la Municipalidad de El agustino necesita una Re-estructurar el &#xE1;rea de imagen institucional de la municipalidad del Agustino, de manera que se atienda estrat&#xE9;gicamente la comunicaci&#xF3;n interna. En todo caso aperturar paralelamente el &#xE1;rea de Comunicaci&#xF3;n y Relaciones p&#xFA;blicas que asuma el tratamiento que requiere la comunicaci&#xF3;n organizacional interna.</subfield>
  </datafield>
  <datafield tag="526" ind1=" " ind2=" ">
    <subfield code="a">SEG44</subfield>
  </datafield>
  <datafield tag="526" ind1=" " ind2=" ">
    <subfield code="a">SEG26</subfield>
  </datafield>
  <datafield tag="526" ind1=" " ind2=" ">
    <subfield code="a">P151</subfield>
  </datafield>
  <datafield tag="526" ind1=" " ind2=" ">
    <subfield code="a">P150</subfield>
  </datafield>
  <datafield tag="526" ind1=" " ind2=" ">
    <subfield code="a">P149</subfield>
  </datafield>
  <datafield tag="526" ind1=" " ind2=" ">
    <subfield code="a">P146</subfield>
  </datafield>
  <datafield tag="526" ind1=" " ind2=" ">
    <subfield code="a">P145</subfield>
  </datafield>
  <datafield tag="526" ind1=" " ind2=" ">
    <subfield code="a">P126</subfield>
  </datafield>
  <datafield tag="526" ind1=" " ind2=" ">
    <subfield code="a">P125</subfield>
  </datafield>
  <datafield tag="526" ind1=" " ind2=" ">
    <subfield code="a">P92</subfield>
  </datafield>
  <datafield tag="526" ind1=" " ind2=" ">
    <subfield code="a">P75</subfield>
  </datafield>
  <datafield tag="526" ind1=" " ind2=" ">
    <subfield code="a">P74</subfield>
  </datafield>
  <datafield tag="526" ind1=" " ind2=" ">
    <subfield code="a">P27</subfield>
  </datafield>
  <datafield tag="526" ind1=" " ind2=" ">
    <subfield code="a">P15</subfield>
  </datafield>
  <datafield tag="650" ind1="0" ind2="4">
    <subfield code="a">Comunicaci&#xF3;n en la gesti&#xF3;n</subfield>
    <subfield code="x">Identidad corporativa.</subfield>
  </datafield>
  <datafield tag="596" ind1=" " ind2=" ">
    <subfield code="a">1</subfield>
  </datafield>
  <datafield tag="942" ind1=" " ind2=" ">
    <subfield code="2">ddc</subfield>
    <subfield code="c">TESIS</subfield>
  </datafield>
  <datafield tag="999" ind1=" " ind2=" ">
    <subfield code="a">TC 2 B81 2014</subfield>
    <subfield code="w">ALPHANUM</subfield>
    <subfield code="c">7835</subfield>
    <subfield code="i">T01846</subfield>
    <subfield code="l">CCODEBUL3</subfield>
    <subfield code="m">BUL</subfield>
    <subfield code="r">1</subfield>
    <subfield code="s">Y</subfield>
    <subfield code="t">TESIS</subfield>
    <subfield code="u">2015-11-17</subfield>
    <subfield code="x">EDUCACION</subfield>
    <subfield code="P">P07</subfield>
    <subfield code="o">.STAFF. Tesis</subfield>
    <subfield code="d">7835</subfield>
  </datafield>
  <datafield tag="980" ind1=" " ind2=" ">
    <subfield code="8">1</subfield>
    <subfield code="g">ALBERTO SANCHEZ Responsable de Automatizaci&#xF3;n</subfield>
  </datafield>
  <datafield tag="952" ind1=" " ind2=" ">
    <subfield code="r">2022-07-06 00:00:00</subfield>
    <subfield code="l">0</subfield>
    <subfield code="o">TC 2 B81 2014</subfield>
    <subfield code="p">T01846</subfield>
    <subfield code="t">e1</subfield>
    <subfield code="w">2015-11-17</subfield>
    <subfield code="x">FACIHED</subfield>
    <subfield code="y">TESIS</subfield>
    <subfield code="z">Este &#xCD;tem NO se presta por ser Ejemplar #1.</subfield>
    <subfield code="1">0</subfield>
    <subfield code="2">ddc</subfield>
    <subfield code="7">1</subfield>
    <subfield code="8">TESIS</subfield>
    <subfield code="f">P07</subfield>
    <subfield code="a">BUL</subfield>
    <subfield code="b">BUL</subfield>
    <subfield code="c">TESIS</subfield>
    <subfield code="d">2015-11-17</subfield>
  </datafield>
</record>
